Central Library OPAC University of Rajshahi

Preparation and use of audio-visual aids / (Record no. 61083)

MARC details
000 -LEADER
fixed length control field 00777nam a2200241 a 4500
001 - CONTROL NUMBER
control field 61083
003 - CONTROL NUMBER IDENTIFIER
rucl marc code BD-RjUL
005 - DATE AND TIME OF LATEST TRANSACTION
control field 20211209080923.0
008 - FIXED-LENGTH DATA ELEMENTS--GENERAL INFORMATION
fixed length control field 170115s19641955nyua 000 0 eng d
035 ## - SYSTEM CONTROL NUMBER
System control number (BD-RjUL)61207
040 ## - CATALOGING SOURCE
Original cataloging agency BD-RjUL
Transcribing agency BD-RjUL
Language of cataloging eng
041 ## - LANGUAGE CODE
Language code of text/sound track or separate title eng
082 00 - DEWEY DECIMAL CLASSIFICATION NUMBER
Classification number 371.335
Edition number 23
Author mark and year HAP 1964
100 1# - MAIN ENTRY--PERSONAL NAME
Personal name Haas, Kenneth Brooks,
Dates associated with a name 1898-
9 (RLIN) 182292
245 10 - TITLE STATEMENT
Title Preparation and use of audio-visual aids /
Statement of responsibility, etc. [by] Kenneth B. Haas [and] Harry Q. Packer. Drawings by Bert Paul Kuhn.
250 ## - EDITION STATEMENT
Edition statement 3d ed.
260 ## - PUBLICATION, DISTRIBUTION, ETC. (IMPRINT)
Place of publication, distribution, etc. New York :
Name of publisher, distributor, etc. Prentice-Hall,
Date of publication, distribution, etc. 1955 [reprnted 1964].
300 ## - PHYSICAL DESCRIPTION
Pagination 381 p. :
Illustrations ill. ;
Size 24 cm.
500 ## - GENERAL NOTE
General note Includes index
650 #0 - SUBJECT ADDED ENTRY--TOPICAL TERM
Topical term or geographic name as entry element Audio-visual education.
9 (RLIN) 180554
700 1# - ADDED ENTRY--PERSONAL NAME
Personal name Packer, Harry Q.,
Relator term joint author.
942 ## - ADDED ENTRY ELEMENTS (KOHA)
Source of classification or shelving scheme Dewey Decimal Classification
Koha item type Books
Holdings
Lost status Source of classification or shelving scheme Damaged status Not for loan Collection code Permanent Location Current Location Shelving location Date acquired Source of acquisition Cost, normal purchase price Total Checkouts Full call number Date last seen Copy number Koha item type
  Dewey Decimal Classification   Not For Loan Non-fiction Central Library, University of Rajshahi Central Library, University of Rajshahi Reading Room 20/03/1968 Paramount book cor. 9.60   371.335 HAP 1964 15/01/2017 C-1 Books